<?xml version="1.0" encoding="UTF-8"?>
<record
    xmlns:xsi="http://www.w3.org/2001/XMLSchema-instance"
    xsi:schemaLocation="http://www.loc.gov/MARC21/slim http://www.loc.gov/standards/marcxml/schema/MARC21slim.xsd"
    xmlns="http://www.loc.gov/MARC21/slim">

  <leader>02163nam0a2200349   4500</leader>
  <controlfield tag="001">RU\NLR\bibl\547873</controlfield>
  <controlfield tag="005">20260407083817.0</controlfield>
  <datafield tag="010" ind1=" " ind2=" ">
    <subfield code="a">5-94505-037-7</subfield>
    <subfield code="9">300</subfield>
  </datafield>
  <datafield tag="021" ind1=" " ind2=" ">
    <subfield code="a">RU</subfield>
    <subfield code="b">2004-42093</subfield>
    <subfield code="9">2088</subfield>
  </datafield>
  <datafield tag="035" ind1=" " ind2=" ">
    <subfield code="a">(NLR Aleph) 000540069</subfield>
  </datafield>
  <datafield tag="090" ind1=" " ind2=" ">
    <subfield code="a">1407286</subfield>
    <subfield code="c">1407286</subfield>
  </datafield>
  <datafield tag="100" ind1=" " ind2=" ">
    <subfield code="a">20040830d2003    |||y0rusy50      ca</subfield>
  </datafield>
  <datafield tag="101" ind1="0" ind2=" ">
    <subfield code="a">rus</subfield>
  </datafield>
  <datafield tag="102" ind1=" " ind2=" ">
    <subfield code="a">RU</subfield>
  </datafield>
  <datafield tag="105" ind1=" " ind2=" ">
    <subfield code="a">a   |||||||||</subfield>
  </datafield>
  <datafield tag="200" ind1="1" ind2=" ">
    <subfield code="a">&#x41F;&#x440;&#x438;&#x43C;&#x435;&#x43D;&#x435;&#x43D;&#x438;&#x435; &#x43B;&#x430;&#x437;&#x435;&#x440;&#x43D;&#x43E;&#x439; &#x442;&#x435;&#x440;&#x430;&#x43F;&#x438;&#x438; &#x443; &#x434;&#x435;&#x442;&#x435;&#x439; &#x441; &#x43D;&#x430;&#x441;&#x43B;&#x435;&#x434;&#x441;&#x442;&#x432;&#x435;&#x43D;&#x43D;&#x44B;&#x43C;&#x438; &#x43D;&#x430;&#x440;&#x443;&#x448;&#x435;&#x43D;&#x438;&#x44F;&#x43C;&#x438; &#x43F;&#x441;&#x438;&#x445;&#x43E;&#x440;&#x435;&#x447;&#x435;&#x432;&#x43E;&#x433;&#x43E; &#x440;&#x430;&#x437;&#x432;&#x438;&#x442;&#x438;&#x44F;</subfield>
    <subfield code="e">&#x41C;&#x435;&#x442;&#x43E;&#x434;. &#x440;&#x435;&#x43A;&#x43E;&#x43C;&#x435;&#x43D;&#x434;&#x430;&#x446;&#x438;&#x438;</subfield>
    <subfield code="f">&#x41C;-&#x432;&#x43E; &#x437;&#x434;&#x440;&#x430;&#x432;&#x43E;&#x43E;&#x445;&#x440;&#x430;&#x43D;&#x435;&#x43D;&#x438;&#x44F; &#x420;&#x43E;&#x441;. &#x424;&#x435;&#x434;&#x435;&#x440;&#x430;&#x446;&#x438;&#x438;, &#x41C;&#x43E;&#x441;&#x43A;. &#x41D;&#x418;&#x418; &#x43F;&#x435;&#x434;&#x438;&#x430;&#x442;&#x440;&#x438;&#x438; &#x438; &#x434;&#x435;&#x442;. &#x445;&#x438;&#x440;&#x443;&#x440;&#x433;&#x438;&#x438; &#x41C;&#x417; &#x420;&#x424; &#x438; &#x434;&#x440;.</subfield>
    <subfield code="g">[&#x418;&#x441;&#x43F;&#x43E;&#x43B;&#x43D;.: &#x43A;.&#x43C;.&#x43D;. &#x412;&#x43E;&#x438;&#x43D;&#x43E;&#x432;&#x430; &#x412;&#x430;&#x43B;&#x435;&#x43D;&#x442;&#x438;&#x43D;&#x430; &#x41C;&#x438;&#x445;&#x430;&#x439;&#x43B;&#x43E;&#x432;&#x43D;&#x430; &#x438; &#x434;&#x440;.]</subfield>
  </datafield>
  <datafield tag="210" ind1=" " ind2=" ">
    <subfield code="a">&#x41C;.</subfield>
    <subfield code="c">&#x41C;&#x418;&#x41B;&#x422;&#x410;-&#x41F;&#x41A;&#x41F; &#x413;&#x418;&#x422;</subfield>
    <subfield code="d">2003</subfield>
  </datafield>
  <datafield tag="215" ind1=" " ind2=" ">
    <subfield code="a">67 &#x441;.</subfield>
    <subfield code="c">&#x438;&#x43B;.</subfield>
    <subfield code="d">20</subfield>
  </datafield>
  <datafield tag="300" ind1=" " ind2=" ">
    <subfield code="a">&#x412; &#x43D;&#x430;&#x434;&#x437;&#x430;&#x433;. &#x442;&#x430;&#x43A;&#x436;&#x435;: &#x410;&#x441;&#x441;&#x43E;&#x446;. "&#x41A;&#x432;&#x430;&#x43D;&#x442;&#x43E;&#x432;&#x430;&#x44F; &#x43C;&#x435;&#x434;&#x438;&#x446;&#x438;&#x43D;&#x430;", &#x417;&#x410;&#x41E; "&#x41C;&#x418;&#x41B;&#x422;&#x410;-&#x41F;&#x41A;&#x41F;-&#x413;&#x418;&#x422;"</subfield>
  </datafield>
  <datafield tag="320" ind1=" " ind2=" ">
    <subfield code="a">&#x411;&#x438;&#x431;&#x43B;&#x438;&#x43E;&#x433;&#x440;.: &#x441;. 59-60 (27 &#x43D;&#x430;&#x437;&#x432;.)</subfield>
  </datafield>
  <datafield tag="606" ind1="0" ind2=" ">
    <subfield code="a">&#x420;&#x435;&#x447;&#x44C;</subfield>
    <subfield code="j">&#x41C;&#x435;&#x442;&#x43E;&#x434;&#x438;&#x447;&#x435;&#x441;&#x43A;&#x438;&#x435; &#x43F;&#x43E;&#x441;&#x43E;&#x431;&#x438;&#x44F;</subfield>
    <subfield code="x">&#x420;&#x430;&#x441;&#x441;&#x442;&#x440;&#x43E;&#x439;&#x441;&#x442;&#x432;&#x430; &#x443; &#x434;&#x435;&#x442;&#x435;&#x439; &#x43F;&#x440;&#x438; &#x443;&#x43C;&#x441;&#x442;&#x432;&#x435;&#x43D;&#x43D;&#x43E;&#x43C; &#x43D;&#x435;&#x434;&#x43E;&#x440;&#x430;&#x437;&#x432;&#x438;&#x442;&#x438;&#x438;</subfield>
    <subfield code="x">&#x422;&#x435;&#x440;&#x430;&#x43F;&#x438;&#x44F; &#x43B;&#x430;&#x437;&#x435;&#x440;&#x43E;&#x43F;&#x443;&#x43D;&#x43A;&#x442;&#x443;&#x440;&#x43E;&#x439;</subfield>
    <subfield code="9">2346961</subfield>
    <subfield code="3">RU\NLR\auth\661402455</subfield>
  </datafield>
  <datafield tag="606" ind1="0" ind2=" ">
    <subfield code="a">&#x423;&#x43C;&#x441;&#x442;&#x432;&#x435;&#x43D;&#x43D;&#x43E;&#x435; &#x43D;&#x435;&#x434;&#x43E;&#x440;&#x430;&#x437;&#x432;&#x438;&#x442;&#x438;&#x435; &#x443; &#x434;&#x435;&#x442;&#x435;&#x439;</subfield>
    <subfield code="j">&#x41C;&#x435;&#x442;&#x43E;&#x434;&#x438;&#x447;&#x435;&#x441;&#x43A;&#x438;&#x435; &#x43F;&#x43E;&#x441;&#x43E;&#x431;&#x438;&#x44F;</subfield>
    <subfield code="x">&#x422;&#x435;&#x440;&#x430;&#x43F;&#x438;&#x44F; &#x43B;&#x430;&#x437;&#x435;&#x440;&#x43E;&#x43F;&#x443;&#x43D;&#x43A;&#x442;&#x443;&#x440;&#x43E;&#x439;</subfield>
    <subfield code="9">2346972</subfield>
    <subfield code="3">RU\NLR\auth\661402462</subfield>
  </datafield>
  <datafield tag="606" ind1="0" ind2=" ">
    <subfield code="a">&#x423;&#x43C;&#x441;&#x442;&#x432;&#x435;&#x43D;&#x43D;&#x43E;&#x435; &#x43D;&#x435;&#x434;&#x43E;&#x440;&#x430;&#x437;&#x432;&#x438;&#x442;&#x438;&#x435; &#x434;&#x435;&#x442;&#x435;&#x439;</subfield>
    <subfield code="j">&#x41C;&#x435;&#x442;&#x43E;&#x434;&#x438;&#x447;&#x435;&#x441;&#x43A;&#x438;&#x435; &#x43F;&#x43E;&#x441;&#x43E;&#x431;&#x438;&#x44F;</subfield>
    <subfield code="x">&#x422;&#x435;&#x440;&#x430;&#x43F;&#x438;&#x44F; &#x43B;&#x430;&#x437;&#x435;&#x440;&#x43E;&#x43F;&#x443;&#x43D;&#x43A;&#x442;&#x443;&#x440;&#x43E;&#x439;</subfield>
    <subfield code="9">2346966</subfield>
    <subfield code="3">RU\NLR\auth\661402458</subfield>
  </datafield>
  <datafield tag="686" ind1=" " ind2=" ">
    <subfield code="a">&#x420;733.684.024-584&#x44F;8</subfield>
  </datafield>
  <datafield tag="686" ind1=" " ind2=" ">
    <subfield code="a">&#x420;733.645.95-584&#x44F;8</subfield>
  </datafield>
  <datafield tag="702" ind1=" " ind2="1">
    <subfield code="a">&#x412;&#x43E;&#x438;&#x43D;&#x43E;&#x432;&#x430;</subfield>
    <subfield code="b">&#x412;. &#x41C;.</subfield>
    <subfield code="g">&#x412;&#x430;&#x43B;&#x435;&#x43D;&#x442;&#x438;&#x43D;&#x430; &#x41C;&#x438;&#x445;&#x430;&#x439;&#x43B;&#x43E;&#x432;&#x43D;&#x430;</subfield>
    <subfield code="4">220</subfield>
  </datafield>
  <datafield tag="712" ind1="0" ind2="2">
    <subfield code="4">570</subfield>
    <subfield code="a">&#x41C;&#x43E;&#x441;&#x43A;&#x43E;&#x432;&#x441;&#x43A;&#x438;&#x439; &#x41D;&#x418;&#x418; &#x43F;&#x435;&#x434;&#x438;&#x430;&#x442;&#x440;&#x438;&#x438; &#x438; &#x434;&#x435;&#x442;&#x441;&#x43A;&#x43E;&#x439; &#x445;&#x438;&#x440;&#x443;&#x440;&#x433;&#x438;&#x438;</subfield>
    <subfield code="3">RU\NLR\AUTH\8810044761</subfield>
    <subfield code="9">588947</subfield>
  </datafield>
  <datafield tag="801" ind1=" " ind2="0">
    <subfield code="a">RU</subfield>
    <subfield code="b">NLR</subfield>
    <subfield code="c">20040830</subfield>
    <subfield code="g">PSBO</subfield>
  </datafield>
  <datafield tag="801" ind1=" " ind2="1">
    <subfield code="a">RU</subfield>
    <subfield code="b">NLR</subfield>
    <subfield code="c">20040830</subfield>
  </datafield>
  <datafield tag="942" ind1=" " ind2=" ">
    <subfield code="c">BOOK</subfield>
  </datafield>
  <datafield tag="980" ind1=" " ind2=" ">
    <subfield code="a">NB</subfield>
  </datafield>
  <datafield tag="995" ind1=" " ind2=" ">
    <subfield code="5">2004-08-30</subfield>
    <subfield code="a">ad</subfield>
    <subfield code="b">NLR01</subfield>
    <subfield code="c">NLR01</subfield>
    <subfield code="e">RF3</subfield>
    <subfield code="f">741621</subfield>
    <subfield code="k">2004-4/16132</subfield>
    <subfield code="o">0</subfield>
    <subfield code="r">BOOK</subfield>
    <subfield code="s">2004416132_</subfield>
  </datafield>
  <datafield tag="995" ind1=" " ind2=" ">
    <subfield code="5">2004-08-30</subfield>
    <subfield code="a">ad</subfield>
    <subfield code="b">NLR01</subfield>
    <subfield code="c">NLR01</subfield>
    <subfield code="e">RF3</subfield>
    <subfield code="f">741622</subfield>
    <subfield code="k">2004-4/16132</subfield>
    <subfield code="o">0</subfield>
    <subfield code="r">BOOK</subfield>
    <subfield code="s">2004416132_</subfield>
  </datafield>
</record>
